Datum a čas kvízu

34 Celkem bodů Celkový počet nahraných bodů na tomto kvízu bez doplňovacích otázek.
4. Pořadí na kvízu Konečné umístění týmu na tomto kvízu.

Zaznamenané odpovědi

# Otázka Odpověď Body Výsledky
1. Tzv. Turistická sjezdovka na K... splašky 1
2. V pondělí jsme se dozvěděli o... Starbucks 1
3. Minulý týden jsme se dozvěděli... o akvadukt 0
4. Americká společnost Alphabet,... Wiz 0
5. Uveďte název zimního střediska... Svatý Mořic/St. Moritz; paralelní obří slalom 0.5
6. Podíváme se na temné stránky d... A) Diviš Bořek z Miletínka 1
7. Doba pobělohorská znamenala zá... Obnovené zřízení zemské 1
8. První světová válka znamenala... Zborov 0
9. V období tzv. Protektorátu se... František Fajtl 1
10. Jedním z nejkontroverznějších... v roce 1953, Antonín Zápotocký 1